000 00969nam a2200265 a 4500
001 BRCA_7928
005 20190320210045.0
008 070314s1969----nyua###f##---#001-0#eng-#
041 _aeng
044 _anyu
050 4 _aN6490
_bA48
_c1969
245 1 0 _aAdventure in art
_ban international group of art collections in industrial enviroments
_cedited by H. J. Scheepmaker ; introduction by Milton S. Fox ; translated from the french by Gwenda Stephens and Leslie White.
260 _aNew York
_bH.N. Abrams
_c1969
300 _a224 p.
_bil. a color
_c28 cm.
500 _a303
650 1 4 _aArte industrial
_vSiglo XIX-XX
_919615
650 1 4 _aArte industrial
_vColeccionistas y colecciones
_919616
650 1 4 _aArte moderno
_vEntornos industriales
_919617
700 1 _aH. J. Scheepmaker
_eed.
_919618
700 1 _aFox, Milton S.
_eintr.
_914120
700 1 _aStephens, Gwenda
_etr.
_919619
700 1 _aWhite, Leslie
_etr.
_919620
902 _aGFM
942 _2lcc
_cB
999 _c7598
_d7598